Statistiche per Vincitori Liga Portugal

Clicka qui per fare il quiz!

Statistiche generali

  • Questo quiz è stato fatto 84 volte
  • Il punteggio medio è 85 su 88

Statistiche sulle risposte

EdizioneCampioni% Corretto
1934-1935Porto
100%
1998-1999Porto
100%
1985-1986Porto
100%
1987-1988Porto
100%
1989-1990Porto
100%
1991-1992Porto
100%
1992-1993Porto
100%
1994-1995Porto
100%
1995-1996Porto
100%
1996-1997Porto
100%
1997-1998Porto
100%
2002-2003Porto
100%
1977-1978Porto
100%
2003-2004Porto
100%
2005-2006Porto
100%
2006-2007Porto
100%
2007-2008Porto
100%
2008-2009Porto
100%
2010-2011Porto
100%
2011-2012Porto
100%
2012-2013Porto
100%
2017-2018Porto
100%
2019-2020Porto
100%
1984-1985Porto
100%
1978-1979Porto
100%
2021-2022Porto
100%
1955-1956Porto
100%
1958-1959Porto
100%
1938-1939Porto
100%
1939-1940Porto
100%
1944-1945Benfica
99%
1988-1989Benfica
99%
1954-1955Benfica
99%
1960-1961Benfica
99%
1993-1994Benfica
99%
1949-1950Benfica
99%
2004-2005Benfica
99%
1941-1942Benfica
99%
1942-1943Benfica
99%
1956-1957Benfica
99%
2009-2010Benfica
99%
2013-2014Benfica
99%
2014-2015Benfica
99%
2015-2016Benfica
99%
2016-2017Benfica
99%
1937-1938Benfica
99%
2018-2019Benfica
99%
1936-1937Benfica
99%
1986-1987Benfica
99%
1959-1960Benfica
99%
1990-1991Benfica
99%
1972-1973Benfica
99%
1974-1975Benfica
99%
1983-1984Benfica
99%
1970-1971Benfica
99%
1968-1969Benfica
99%
1967-1968Benfica
99%
1966-1967Benfica
99%
1975-1976Benfica
99%
1971-1972Benfica
99%
1964-1965Benfica
99%
1976-1977Benfica
99%
1963-1964Benfica
99%
1962-1963Benfica
99%
1935-1936Benfica
99%
1980-1981Benfica
99%
1982-1983Benfica
99%
1961-1962Sporting Lisbona
96%
1969-1970Sporting Lisbona
96%
1940-1941Sporting Lisbona
96%
2020-2021Sporting Lisbona
96%
1965-1966Sporting Lisbona
96%
1957-1958Sporting Lisbona
96%
1943-1944Sporting Lisbona
96%
1973-1974Sporting Lisbona
96%
1946-1947Sporting Lisbona
96%
2001-2002Sporting Lisbona
96%
1999-2000Sporting Lisbona
96%
1947-1948Sporting Lisbona
96%
1948-1949Sporting Lisbona
96%
1950-1951Sporting Lisbona
96%
1951-1952Sporting Lisbona
96%
1952-1953Sporting Lisbona
96%
1953-1954Sporting Lisbona
96%
1979-1980Sporting Lisbona
96%
1981-1982Sporting Lisbona
96%
2000-2001Boavista
46%
1945-1946Belenenses
23%

Distribuzione punteggi

Percentile per numero di risposta

Percentuale di utenti per punteggio

I tuoi punteggi nel tempo

Non hai fatto questo quiz